| 000 | 00645nam a22002417a 4500 | ||
|---|---|---|---|
| 003 | UA-OsUOA | ||
| 001 | 125494 | ||
| 007 | ta | ||
| 008 | 20170918b un ||||| |||| 00| 0 ukr d | ||
| 100 | _aТурченко Ф. | ||
| 090 |
_a821.161.2 _bТ89 |
||
| 942 | _cBK | ||
| 040 |
_aUA-OsUOA _bukr _cUA-OsUOA _dUA-OsUOA |
||
| 245 | _aМикола Міхновський: життя і слово | ||
| 300 | _a320 с. | ||
| 955 | _a3 | ||
| 041 | _aukr | ||
| 080 | _a821.161.2 | ||
| 020 | _a966-504-473-7 | ||
| 260 |
_aК. _bГенеза _c2006 |
||
| 650 | 7 |
_a82 Література. Літературознавство _2UDC |
|
| 999 |
_c412711 _d412711 |
||